KOHA-Header-6

The AVR Microcomtroller and Embeded Systems Using Assembly and C (Record no. 347)

000 -LEADER
fixed length control field 00389nam a2200121Ia 4500
008 - FIXED-LENGTH DATA ELEMENTS--GENERAL INFORMATION
fixed length control field 190722s9999 xx 000 0 und d
020 ## - INTERNATIONAL STANDARD BOOK NUMBER
International Standard Book Number 978-93-325-1840-7
100 ## - MAIN ENTRY--PERSONAL NAME
Personal name Mazidi, Naimi, Naimi
245 #4 - TITLE STATEMENT
Title The AVR Microcomtroller and Embeded Systems Using Assembly and C
260 ## - PUBLICATION, DISTRIBUTION, ETC. (IMPRINT)
Place of publication, distribution, etc New Delhi
Name of publisher, distributor, etc Pearson (Indian Ed.) Pvt. Ltd. Dorling Kindersley Pvt. Ltd.
Date of publication, distribution, etc 2014
300 ## - PHYSICAL DESCRIPTION
Extent 743
942 ## - ADDED ENTRY ELEMENTS (KOHA)
Koha item type Books
Holdings
Withdrawn status Lost status Source of classification or shelving scheme Damaged status Not for loan Collection code Permanent Location Current Location Shelving location Date acquired Full call number Barcode Date last seen Price effective from Koha item type
          Electrical Engineering MAJU MAJU Shelf No.A34 2019-07-22 629.895416 6973 2019-07-22 2019-07-22 Electrical Engineering

Powered by Koha